Teatro critico universal. tomo 3 [espasa-calpe] /

Guardado en:
Autor Principal: Feijoo Y Montenegro, Benito J.
Formato: Libro
Publicado: Madrid : Espasa-calpe, 1975
Series:Clasicos Castellanos 48,53,67
Materias:
Etiquetas: Agregar Etiqueta
Sin Etiquetas, Sea el primero en etiquetar este registro!
LEADER 00546nam a22001575a 4500
001 EHU.bham008925
003 AR-BHAM
005 20100108104023.0
008 130507s1975##################000#0#####d
082 8 6 |a 864.4 
100 1 |a Feijoo Y Montenegro, Benito J. 
245 1 0 |a Teatro critico universal. tomo 3 [espasa-calpe] /  |c Benito J. Feijoo Y Montenegro. 
260 |a Madrid :  |b Espasa-calpe,  |c 1975 
490 0 |a Clasicos Castellanos 48,53,67 
653 |a Ensayo espaÑol-1701-1800 
859 |a AR-BHAM  |b BIB. HUMANIDADES - General  |h 864.4  |i F324-1  |p 20.90  |t Ej.1  |v III  |3 III